Дело о помещении двух сыновей вдовы действительного статского советника Евреиновой в Первую Санкт-Петербургскую гимназию на счет...

Доступно только в Электронных читальных залах Найти на картеНа карте
RUSMARC
00003655nmc2a22002413x 450
0011e843dfc-0a25-4d87-ac31-1ae3f4be967f
00520250622092548.0
100##$a20241203l18381839k l0rusy0189 ca
1010#$arus
102##$aRU
105##$ay###
1222#$ad
2001#$aДело о помещении двух сыновей вдовы действительного статского советника Евреиновой в Первую Санкт-Петербургскую гимназию на счет Государственного казначейства
$j29 ноября 1838 г. - 5 января 1839 г.
215##$a9 л.
$d36,5х26 см
251##$cДело
300##$aНа обложке указано: "№1120"
371##$aДокумент не является опубликованным и широко распространяемым
461#0$10012b5b8419-5ce4-4d16-a7a3-85720a295f1f
$12001
$aКанцелярия министра народного просвещения
$1251
$cФонд
$1852
$j735
462#0$1001562cc287-b13c-4f02-8029-f81535ba1e2e
$12001
$aКанцелярия министра народного просвещения
$1251
$cОпись
$1852
$j2
801#0$aRU
$bРГИА
$c20241203
$gRCR
801#1$aRU
$bГлавНИВЦ
$c20241203
$2rusmarc
801#2$aRU
$bПБ им. Б.Н. Ельцина
$c20250622
$gRCR
$2rusmarc
850##$aРГИА
852##$aРГИА
$eФедеральное казенное учреждение "Российский государственный исторический архив" (РГИА)
$j55
937##$hРГИА
$d12420732
$aASBIBLIO_SCAN
035##$aRusGRCC00083256
856##$uhttp://readingroom.main.prlib.ru/item.aspx?id_node=n196868390&mode=full
Формат отображения